Aguas y baños sulfuro-salinos de Paracuellos de Jiloca (Calatayud, provincia de Zaragoza) primitivo y único manantial en la roca (Record no. 20200)

MARC details
000 -LEADER
campo de control de longitud fija 00693nam a2200157 i 4500
001 - NÚMERO DE CONTROL
campo de control 20200
003 - IDENTIFICADOR DE NÚMERO DE CONTROL
campo de control ES-MaACL
005 - FECHA Y HORA DE LA ÚLTIMA TRANSACCIÓN
campo de control 20230906152244.0
007 - CAMPO FIJO DE DESCRIPCIÓN FÍSICA--INFORMACIÓN GENERAL
campo de control de longitud fija t|
008 - DATOS DE LONGITUD FIJA--INFORMACIÓN GENERAL
campo de control de longitud fija 021108s1883 sp ||||1| spa d
245 00 - MENCIÓN DEL TÍTULO
Título Aguas y baños sulfuro-salinos de Paracuellos de Jiloca (Calatayud, provincia de Zaragoza) primitivo y único manantial en la roca
Resto del título : gran establecimiento de los baños viejos propiedad de don Felipe García Serrano : temporada oficial desde el 15 de junio al 30 de setiembre.
260 ## - PUBLICACIÓN, DISTRIBUCIÓN, ETC.
Lugar de publicación, distribución, etc. Madrid :
Nombre del editor, distribuidor, etc. [s.n.],
Fecha de publicación, distribución, etc. 1883 (
Fabricante Est. tip. de M. Minuesa)
300 ## - DESCRIPCIÓN FÍSICA
Extensión 16 p. :
Otras características físicas il. ;
Dimensiones 20 cm.
650 #4 - PUNTO DE ACCESO ADICIONAL DE MATERIA--TÉRMINO DE MATERIA
Término de materia o nombre geográfico como elemento de entrada Balnearios-
Subdivisión geográfica Paracuellos de Jiloca.
9 (RLIN) 145956
852 ## - LOCALIZACIÓN
Ubicación ES-MaACL
Número de control de estantería T-367-F-14
Holdings
Estatus retirado Estado de pérdida Estado de daño No para préstamo Colección Biblioteca de origen Biblioteca actual Ubicación en estantería Fecha de adquisición Fuente de adquisición Total de préstamos Signatura topográfica completa Código de barras Visto por última vez Precio de reemplazo Tipo de ítem Koha
        Colección de folletos Biblioteca del Ateneo de Madrid Biblioteca del Ateneo de Madrid Depósito folletos 17/01/2008     T-367-F-14 1020705 23/02/2023 23/02/2023 Folleto